Наука. Релігія. Суспільство (Запис № 347252)

МАРК-запис
000 -Лідер
fixed length control field 00983nas a22002657a 4500
001 - Контрольний номер
control field 61610
003 - Ідентифікатор контрольного номера
control field UA-OsUOA
005 - Дата та час останнього входження (трансакції)
control field 20220912101616.0
007 - Фіксоване поле фізичного опису
fixed length control field ta
008 - Елементи даних фіксованої довжини – загальна інформація
fixed length control field 200907c8b un ||||| r|p| 00| 0 ukr dukr d
022 ## - Міжнародний стандартний серіальний номер (ISSN)
Міжнародний стандартний серіальний номер (ISSN) 17283671
040 ## - Джерело каталогізації
Агенція оригінальної каталогізації UA-OsUOA
Мова каталогізації ukr
Агенція, яка здійснювала перезапис UA-OsUOA
Агенція, яка здійснювала модифікацію UA-OsUOA
041 ## - Код мови
Код мови тексту/ звукової доріжки чи окремого заголовка (П) ukr
044 ## - Код країни видавця/ виробника
Код країни видавця/ виробника (П) UA
080 ## - Індекс Універсальної десяткової класифікації
Індекс Універсальної десяткової класифікації (УДК) (НП) 2
090 ## - Локальний шифр розміщення
Класифікаційний індекс УДК 2
Авторський знак (НП) Н34
099 ## - Місцевий розмір звичайного тексту (OCLC)
Передплатний індекс 23564
110 ## - Наймення організації – загальна інформація
Найменування колективу або юрисдикції як початковий елемент введення Засновники: Державний університет інформатики і штучного інтелекту. Відділ у справах релігій Донецької обласної державної адміністрації
245 ## - Відомості про назву
Назва (НП) Наука. Релігія. Суспільство
Дані про відповідальність (НП) відпов. ред. Пігуз В. М.
260 ## - Публікація, розповсюдження і т.п. (Вихідні дані)
Місце публікації, розповсюдження і т.п. (П) Донецьк
Ім’я/ наймення видавництва, розповсюджувача і т.п. (П) Наука і релігія
650 #7 - Додаткове предметне введення – тематичний термін
Тематичний термін чи географічна назва, як елемент введення (НП) 2 Релігія. Теологія.
Джерело заголовка чи терміна UDC
942 ## - Додаткові елементи входу (Коха)
Тип елемента Koha Журнал
Source of classification or shelving scheme Universal Decimal Classification
Serial record 1
955 ## - Код типу видання за змістом
Код типу видання за змістом (НП) Наукові видання
Фонди
Стан вилучень Стан втрат Джерело класифікації або схеми стелажів Стан уражень Не для кредиту Постійне місце розташування Поточне розміщення Дата придбання Послідовне перерахування / хронологія Усього замовленно Повний номер виклику Штрих-код Дата останнього перегляду Ціна ефективна від Тип елемента Koha
    Universal Decimal Classification     ВП - Відділ періодики НБ ВП - Відділ періодики НБ 12/09/2022 No.3   2 Н34 216222956 12/09/2022 12/09/2022 Номер журналу